000 00578cam a2200229 4500
001 ABS68821
008 050322n2005 000 0 eng u
035 _a(Sirsi) u129133
245 _aFocus 1: Manchester
260 _c2005
490 _aEstates Gazette
_v(0511) 19 March 2005, 81-117(18)
590 _aABS
650 _aMANCHESTER
650 _aSALFORD
650 _aREGENERATION
650 _aOFFICES
650 _aINVESTORS
650 _aDEVELOPMENT
650 _aTRANSPORT
690 _aPROPERTY-COMMERCIAL PROPERTY-COMMERCIAL PROPERTY MARKET
942 _n0
999 _c74967
_d74967